1381 1948 1813 1782 1938 1180 1795 1017 1129 1749 1756 1832 1752 1606 1945 1477 1323 1951 1639 1913 1259 1074 1357 1667 1351 1352 1116 1366 1356 1214 1820 1626 1116 1279 1308 1332 1285 1620 1499 1128 1704 1956 1664 1688 1294 1321 1594 1257 1523 1465 1729 1398 1203 1656 1306 1552 1264 1830 1830 1950 1419 1237 1218 1722 1031 1573 1984 1774 1991 1889 1213 1307 1948 1406 1654 1901 1627 1084 1634 1586 1993 1425 1131 1162 1628 1419 1491 1318 1863 1215 1080 1589 1255 1552 1479 1554 1297 1447 1177 BCNSPRNW ULIB Ver.6.0+V

เปลี่ยนเป็นภาษาไทย

Change to English
 แสดงรายละเอียดบรรณานุกรม
  กลับหน้าหลัก

Brief Record : Get Marc (ISO 2709) : E-mail record : QR code < ปิดหน้าต่าง
LEADER : 00000nam 2200000uu 4500
001    13399127723
003     ULIB
008    210422s2563||||th 000 0 tha d
020    ^a9786160039111
050  0 ^aนว^bห515พ
100 0  ^aหัสวีร์
245 10 ^aพันเพลงพิณ /^cหัสวีร์
250    ^aพิมพ์ครั้งที่ 1
260    ^aกรุงเทพฯ :^bพิมพ์คำ,^c2563
300    ^a388 หน้า ;^c21 ซม.
650  4 ^aนวนิยายไทย
945    ^p270^l0^i28882
999    ^aกัณชพร จุลอักษร
รายการนี้ยังไม่มีแท็ก
คุณยังไม่ได้ล็อกอิน คุณสามารถมีกิจกรรมร่วมกับเว็บไซต์ได้ แต่ต้องล็อกอินก่อน ::
  ล็อกอิน

รายการสื่อสารสนเทศ

ลำดับที่ ประเภท เลขเรียก/บาร์โค้ด สถานที่ สถานะ
1. วิทยาศาสตร์การแพทย์ และสุขภาพ
วิทยาศาสตร์การแพทย์ และสุขภาพ
นว ห515พ ฉ.1 
  Barcode: 28882
ห้องสมุดวิทยาเขตนครสวรรค์
►นวนิยาย:l:Fiction
บนชั้น

รายการใกล้เคียง
    ผู้แต่ง [หัสวีร์]

    หัวเรื่อง [นวนิยายไทย]

BibComment


ยังไม่เคยถูกคอมเมนท์

คอมเมนท์ทรัพยากรรายการนี้
  คอมเมนท์: พันเพลงพิณ หัสว..


 Copyright 2026. Bcnsprnw @Library